Loading...
| Visual Arts | 0 | 7 | 0 | 2 | 70 | 96 | 122.86 | 2 | 3 | 0.00 | 0.00 |
| Fine Arts - Classical Music and Opera | 0 | 7 | 0 | 0 | 70 | 87 | 111.71 | 0 | 2 | 0.00 | 0.00 |
| Beliefs | 1 | 5 | 0 | 1 | 65 | 80 | 107.17 | 1 | 1 | 0.00 | 0.00 |
| Philosophy | 0 | 3 | 0 | 1 | 30 | 100 | 119.00 | 0 | 1 | 0.00 | 0.00 |
| History - American | 0 | 3 | 0 | 1 | 30 | 111 | 117.33 | 0 | 0 | 0.00 | 0.00 |
| History - Ancient | 0 | 3 | 1 | 0 | 25 | 89 | 114.33 | 0 | 2 | 0.00 | 0.00 |
| Other Academic | 0 | 2 | 0 | 0 | 20 | 108 | 117.00 | 0 | 0 | 0.00 | 0.00 |
| Science - Other | 0 | 2 | 0 | 0 | 20 | 65 | 85.00 | 0 | 1 | 0.00 | 0.00 |
| Social Science | 0 | 2 | 0 | 0 | 20 | 77 | 99.00 | 0 | 1 | 0.00 | 0.00 |
| Literature - World | 1 | 0 | 0 | 0 | 15 | 56 | 56.00 | 0 | 1 | 0.00 | 0.00 |
| History - Other | 1 | 0 | 0 | 0 | 15 | 49 | 49.00 | 1 | 1 | 0.00 | 0.00 |
| Literature - American | 1 | 0 | 0 | 0 | 15 | 61 | 61.00 | 0 | 1 | 0.00 | 0.00 |
| Literature - British | 0 | 1 | 0 | 0 | 10 | 111 | 111.00 | 0 | 0 | 0.00 | 0.00 |
| Science - Biology | 0 | 1 | 0 | 0 | 10 | 132 | 132.00 | 0 | 1 | 0.00 | 0.00 |
| History - World | 0 | 1 | 0 | 0 | 10 | 93 | 93.00 | 1 | 1 | 0.00 | 0.00 |
| History - European | 0 | 0 | 0 | 0 | 0 | 0.00 | 0 | 0 | 0.00 | 0.00 | |
| Fine Arts - Other Arts | 0 | 0 | 1 | 0 | -5 | 0.00 | 0 | 0 | 0.00 | 0.00 |